[Event "Titled Tuesday intern op 13th Apr"]
[Site "Chess.com INT"]
[Date "2021.04.13"]
[Round "2"]
[White "Johnson, Frank B"]
[Black "Engel, Luis"]
[Result "0-1"]
[WhiteElo "2208"]
[BlackElo "2553"]
[PlyCount "68"]
[EventDate "2021.04.13"]
[EventType "swiss (blitz)"]
[EventRounds "11"]
[EventCountry "USA"]
[SourceTitle "CBM 201 Extra"]
[Source "ChessBase"]
[SourceDate "2021.05.31"]
[SourceVersion "1"]
[SourceVersionDate "2021.05.31"]
[SourceQuality "1"]

1. e4 c5 2. Nf3 d6 3. d4 cxd4 4. Nxd4 Nf6 5. Nc3 Nc6 6. Bg5 e6 7. Qd2 a6 8. f4 Bd7 9. 0-0-0 Be7 10. Kb1 b5 11. Bxf6 gxf6 12. Nxc6 Bxc6 13. Bd3 Qb6 14. f5 h5 15. Ne2 0-0-0 16. fxe6 fxe6 17. Nf4 e5 18. Ng6 Rh7 19. Rhf1 d5 20. Nxe7+ Rxe7 21. Rxf6 dxe4 22. Qh6 Kb7 23. Be2 Rxd1+ 24. Bxd1 Rd7 25. Be2 Qg1+ 26. Rf1 Qxg2 27. Qxh5 e3 28. a4 Qe4 29. axb5 axb5 30. Bf3 Qc4 31. Bxc6+ Kxc6 32. Qf3+ e4 33. Qf6+ Kb7 34. Qc3 Qxf1+ 0-1

[Event "Titled Tuesday intern op 26th Jan"]
[Site "Chess.com INT"]
[Date "2021.01.26"]
[Round "6"]
[White "Johnson, Frank B"]
[Black "Chernomordik, Pavel"]
[Result "0-1"]
[WhiteElo "2208"]
[BlackElo "2177"]
[PlyCount "56"]
[EventDate "2021.01.26"]
[EventType "swiss (blitz)"]
[EventRounds "11"]
[EventCountry "USA"]
[SourceTitle "CBM 200 Extra"]
[Source "ChessBase"]
[SourceDate "2021.03.31"]
[SourceVersion "1"]
[SourceVersionDate "2021.03.31"]
[SourceQuality "1"]

1. e4 g6 2. d4 Bg7 3. Nc3 d6 4. f4 a6 5. Nf3 b5 6. Bd3 Nd7 7. e5 c5 8. Be4 Rb8 9. Qe2 b4 10. Nd1 Nh6 11. exd6 0-0 12. dxe7 Qxe7 13. Bd3 Qxe2+ 14. Bxe2 cxd4 15. 0-0 Re8 16. Bc4 Nb6 17. Bb3 a5 18. a4 Ba6 19. Re1 Rxe1+ 20. Nxe1 Re8 21. Nf3 Nf5 22. Nf2 Bc4 23. Bxc4 Nxc4 24. b3 d3 25. Ra2 d2 26. Bxd2 Nxd2 27. Nxd2 Re1+ 28. Nf1 Ne3 0-1

[Event "Titled Tuesday intern op 19th May"]
[Site "Chess.com INT"]
[Date "2020.05.19"]
[Round "2"]
[White "Gutkovich, Polina"]
[Black "Johnson, Frank B"]
[Result "1-0"]
[WhiteElo "2105"]
[BlackElo "2208"]
[PlyCount "113"]
[EventDate "2020.05.19"]
[EventType "swiss (blitz)"]
[EventRounds "10"]
[EventCountry "USA"]
[SourceTitle "EXT 2021"]
[Source "ChessBase"]
[SourceDate "2020.10.23"]
[SourceVersion "1"]
[SourceVersionDate "2020.10.23"]
[SourceQuality "1"]

1. d4 Nf6 2. c4 g6 3. Nc3 Bg7 4. Nf3 0-0 5. Bg5 d6 6. e3 h6 7. Bh4 g5 8. Bg3 Nh5 9. Be2 f5 10. Qd3 Nc6 11. Nd2 Nxg3 12. hxg3 e5 13. d5 e4 14. Qb1 Ne5 15. Qc2 Bd7 16. g4 fxg4 17. Ncxe4 Bf5 18. Qb3 a5 19. Ng3 Bg6 20. e4 a4 21. Qa3 Qf6 22. Qe3 a3 23. Rb1 axb2 24. a3 Ra6 25. Nh5 Bxh5 26. Rxh5 Rfa8 27. Rxb2 Nd3+ 28. Bxd3 Qxb2 29. e5 dxe5 30. Qe4 Rxa3 31. Qh7+ Kf8 32. Rxh6 Rxd3 33. Qxd3 Bxh6 34. Qf5+ Kg8 35. Qe6+ Kh7 36. Qf7+ Bg7 37. Qf5+ Kg8 38. Qe6+ Kh8 39. Qxg4 Ra1+ 40. Ke2 Qd4 41. Qh5+ Kg8 42. Qe8+ Kh7 43. Qh5+ Bh6 44. Qf7+ Kh8 45. Qe8+ Kg7 46. Qe7+ Kg8 47. Qe8+ Bf8 48. Qg6+ Bg7 49. Qe8+ Kh7 50. Qh5+ Bh6 51. Qf7+ Kh8 52. Qe8+ Kg7 53. Qe7+ Kg6 54. Qe8+ Kf5 55. Qf7+ Kg4 56. Qf3+ Kh4 57. Qh3# 1-0

[Event "Titled Tuesday intern op 21st April"]
[Site "Chess.com INT"]
[Date "2020.04.21"]
[Round "1"]
[White "Johnson, Frank B"]
[Black "Yanchenko, Roman"]
[Result "0-1"]
[WhiteElo "2208"]
[BlackElo "2467"]
[PlyCount "78"]
[EventDate "2020.04.21"]
[EventType "swiss (blitz)"]
[EventRounds "10"]
[EventCountry "USA"]
[SourceTitle "EXT 2021"]
[Source "ChessBase"]
[SourceDate "2020.10.23"]
[SourceVersion "1"]
[SourceVersionDate "2020.10.23"]
[SourceQuality "1"]

1. e4 e6 2. d4 d5 3. Nc3 Bb4 4. e5 Ne7 5. a3 Bxc3+ 6. bxc3 b6 7. h4 h5 8. a4 Ba6 9. Bxa6 Nxa6 10. a5 Qc8 11. Nf3 Qb7 12. 0-0 c5 13. axb6 axb6 14. Bg5 Nf5 15. dxc5 bxc5 16. Qe2 0-0 17. Rfb1 Qc6 18. Qb5 Qxb5 19. Rxb5 Nc7 20. Rxa8 Nxb5 21. Ra5 Rb8 22. Kh2 Nxc3 23. Rxc5 Ne4 24. Rc7 Nxf2 25. Bf4 Rb1 26. g3 Ng4+ 27. Kg2 f6 28. Rc6 Kf7 29. Rc7+ Kg6 30. Rc6 Rb2 31. exf6 gxf6 32. Rxe6 Rxc2+ 33. Kg1 Kf7 34. Ra6 d4 35. Ra5 Nfe3 36. Bxe3 dxe3 37. Ra1 Rf2 38. Nd4 Rd2 39. Nf5 e2 0-1

[Event "Titled Tuesday intern op 7th April"]
[Site "Chess.com INT"]
[Date "2020.04.07"]
[Round "1"]
[White "Djukic, Nikola"]
[Black "Johnson, Frank B"]
[Result "0-1"]
[WhiteElo "2515"]
[BlackElo "2208"]
[PlyCount "134"]
[EventDate "2020.04.07"]
[EventType "swiss (blitz)"]
[EventRounds "10"]
[EventCountry "USA"]
[SourceTitle "EXT 2021"]
[Source "ChessBase"]
[SourceDate "2020.10.23"]
[SourceVersion "1"]
[SourceVersionDate "2020.10.23"]
[SourceQuality "1"]

1. e4 c5 2. Nf3 Nc6 3. d4 cxd4 4. Nxd4 Nf6 5. Nc3 e5 6. Ndb5 d6 7. Bg5 a6 8. Na3 b5 9. Nd5 Be7 10. Bxf6 Bxf6 11. c3 0-0 12. Nc2 Rb8 13. a3 Bg5 14. Ncb4 Qd7 15. Qd3 Na5 16. Be2 Bb7 17. 0-0 Nc4 18. b3 Nd2 19. h4 Bh6 20. Rfd1 Nxb3 21. Rab1 Nc5 22. Qf3 a5 23. Nc2 Bc6 24. g4 f6 25. Bf1 Ne6 26. Nce3 Bxe3 27. Nxe3 Nf4 28. Nf5 Qb7 29. Nxd6 Qe7 30. Bxb5 Bxb5 31. Nxb5 Qc5 32. Qe3 Qxe3 33. fxe3 Rxb5 34. exf4 Rc5 35. fxe5 fxe5 36. Rd3 Rfc8 37. Rc1 Rc4 38. Re3 Ra4 39. Ra1 Rcc4 40. Kf2 Rxe4 41. Rxe4 Rxe4 42. Kf3 Rc4 43. Rc1 Kf7 44. h5 Ke6 45. Kg3 g6 46. h6 Kf6 47. Kh4 g5+ 48. Kg3 Kg6 49. Kf3 Kxh6 50. Ke3 Kg6 51. Kd3 Rxg4 52. c4 Rd4+ 53. Ke3 Kf5 54. c5 Rd7 55. c6 Rc7 56. Rc5 Ke6 57. Ke4 Kd6 58. Rxe5 Re7 59. Rxe7 Kxe7 60. Kf5 Kd6 61. Kxg5 Kxc6 62. Kh6 Kb5 63. Kxh7 Ka4 64. Kg6 Kxa3 65. Kf5 Kb3 66. Ke4 a4 67. Kd3 a3 0-1

[Event "Titled Tuesday intern op 2nd Febr"]
[Site "Chess.com INT"]
[Date "2019.02.05"]
[Round "8"]
[White "Johnson, Frank B"]
[Black "Yuan, Qingyu"]
[Result "0-1"]
[WhiteElo "2202"]
[BlackElo "2372"]
[PlyCount "50"]
[EventDate "2019.02.05"]
[EventType "swiss (blitz)"]
[EventRounds "10"]
[EventCountry "USA"]
[SourceTitle "EXT 2021"]
[Source "ChessBase"]
[SourceDate "2020.10.23"]
[SourceVersion "1"]
[SourceVersionDate "2020.10.23"]
[SourceQuality "1"]

1. e4 c5 2. Nf3 Nc6 3. d4 cxd4 4. Nxd4 Nf6 5. Nc3 e5 6. Ndb5 d6 7. Bg5 a6 8. Na3 b5 9. Nd5 Be7 10. Bxf6 Bxf6 11. c4 b4 12. Nc2 a5 13. g3 g6 14. Bg2 0-0 15. 0-0 Bg7 16. Qd3 Be6 17. Rad1 Qb8 18. b3 Rd8 19. f4 Nd4 20. Nxd4 Bxd5 21. Nb5 Bc6 22. Nxd6 Qb6+ 23. Kh1 Qc5 24. Rd2 Rd7 25. Rfd1 Rad8 0-1

[Event "Titled Tuesday intern op 2nd Jan"]
[Site "Chess.com INT"]
[Date "2018.01.02"]
[Round "7"]
[White "Johnson, Frank B"]
[Black "Coe, William R"]
[Result "1-0"]
[WhiteElo "2202"]
[BlackElo "2078"]
[PlyCount "119"]
[EventDate "2018.01.02"]
[EventType "swiss (blitz)"]
[EventRounds "10"]
[EventCountry "USA"]
[SourceTitle "EXT 2021"]
[Source "ChessBase"]
[SourceDate "2020.10.23"]
[SourceVersion "1"]
[SourceVersionDate "2020.10.23"]
[SourceQuality "1"]

1. c4 c5 2. Nf3 Nc6 3. Nc3 Nf6 4. g3 g6 5. Bg2 Bg7 6. d4 cxd4 7. Nxd4 a6 8. 0-0 0-0 9. e3 Ne5 10. b3 d6 11. Bb2 Bg4 12. f3 Bd7 13. Kh1 Rc8 14. Rc1 Re8 15. e4 Nc6 16. Nxc6 Bxc6 17. Re1 e6 18. Qd2 Re7 19. Rcd1 Rd7 20. Ne2 b5 21. cxb5 axb5 22. Nd4 Qb6 23. Nxc6 Rxc6 24. Bd4 Qc7 25. Rc1 Ne8 26. Rxc6 Qxc6 27. Rc1 Qb7 28. Bxg7 Nxg7 29. f4 Ne8 30. Qb4 Nc7 31. a4 Na6 32. Qxb5 Qxb5 33. axb5 Nc5 34. b4 Nd3 35. Rc8+ Kg7 36. b6 Rb7 37. Rc6 Nxb4 38. Rxd6 Kf8 39. e5 Rb8 40. b7 Ke7 41. Be4 h5 42. Rb6 Nd5 43. Bxd5 exd5 44. Kg2 Kd7 45. Rf6 Ke7 46. Rb6 Kd7 47. Kf3 Kc7 48. Rf6 Kxb7 49. Rxf7+ Kc6 50. Rf6+ Kc5 51. Rxg6 Rb3+ 52. Kg2 Rb2+ 53. Kh3 d4 54. Rd6 Kc4 55. e6 Re2 56. f5 d3 57. f6 Re5 58. Rxd3 Kxd3 59. f7 Rxe6 60. f8Q 1-0

[Event "Titled Tuesday intern op 2nd Jan"]
[Site "Chess.com INT"]
[Date "2018.01.02"]
[Round "8"]
[White "Johnson, Frank B"]
[Black "Tay, Junior"]
[Result "0-1"]
[WhiteElo "2202"]
[BlackElo "2230"]
[PlyCount "84"]
[EventDate "2018.01.02"]
[EventType "swiss (blitz)"]
[EventRounds "10"]
[EventCountry "USA"]
[SourceTitle "EXT 2021"]
[Source "ChessBase"]
[SourceDate "2020.10.23"]
[SourceVersion "1"]
[SourceVersionDate "2020.10.23"]
[SourceQuality "1"]

1. c4 g6 2. Nc3 Bg7 3. d4 Nf6 4. e4 d6 5. Nf3 0-0 6. h3 c5 7. d5 b5 8. cxb5 a6 9. bxa6 Qa5 10. Bd3 Bxa6 11. 0-0 Nbd7 12. Bxa6 Qxa6 13. Qc2 Rfb8 14. Re1 Ne8 15. Bf4 Qc4 16. Nd2 Qb4 17. Rab1 Ne5 18. b3 Nc7 19. Re3 Nb5 20. Nxb5 Rxb5 21. Bxe5 Bxe5 22. Nc4 Bd4 23. a3 Rxa3 24. Nxa3 Qxa3 25. Rd3 Rb4 26. Rbd1 Qa7 27. Kh1 Qb6 28. f4 f6 29. Rf3 Kg7 30. Qa2 Qb7 31. Qc2 Qb6 32. Re1 Rb5 33. Rd1 Rb4 34. Qb1 c4 35. e5 dxe5 36. fxe5 Bxe5 37. Re1 Qd6 38. Qc2 c3 39. Rd3 h5 40. Re2 h4 41. Qd1 Rf4 42. Qc2 Rf1# 0-1

[Event "Titled Tuesday intern op 17th April"]
[Site "Chess.com INT"]
[Date "2017.11.07"]
[Round "1"]
[White "Lushenkov, Mikhail M"]
[Black "Johnson, Frank B"]
[Result "1-0"]
[WhiteElo "2434"]
[BlackElo "2202"]
[PlyCount "83"]
[EventDate "2017.04.17"]
[EventType "swiss (blitz)"]
[EventRounds "10"]
[EventCountry "USA"]
[SourceTitle "EXT 2021"]
[Source "ChessBase"]
[SourceDate "2020.10.23"]
[SourceVersion "1"]
[SourceVersionDate "2020.10.23"]
[SourceQuality "1"]

1. Nf3 Nf6 2. c4 g6 3. Nc3 Bg7 4. e4 d6 5. d4 0-0 6. Be2 e5 7. 0-0 Nc6 8. d5 Ne7 9. Ne1 Nd7 10. Be3 f5 11. f3 f4 12. Bf2 g5 13. a4 a5 14. Nd3 b6 15. b4 axb4 16. Nxb4 Nf6 17. Nc6 Nxc6 18. dxc6 Qe8 19. Nd5 Rf7 20. a5 bxa5 21. Qa4 h5 22. Rfb1 g4 23. Bh4 Nxd5 24. cxd5 Bf6 25. Bxf6 Rxf6 26. Kh1 Rg6 27. Qd1 Qe7 28. Qe1 g3 29. h3 Qh4 30. Bf1 Kh7 31. Rxa5 Rxa5 32. Qxa5 Bxh3 33. gxh3 g2+ 34. Bxg2 Rxg2 35. Kxg2 Qg3+ 36. Kf1 Qxf3+ 37. Ke1 Qxe4+ 38. Kd2 Qxb1 39. Qxc7+ Kg6 40. Qxd6+ Kf5 41. Qe6+ Ke4 42. Qg6+ 1-0

[Event "PRO League Stage"]
[Site "Chess.com INT"]
[Date "2017.02.15"]
[Round "6"]
[White "Johnson, Frank B"]
[Black "De Vreesse, Seppe"]
[Result "0-1"]
[WhiteElo "2191"]
[BlackElo "2229"]
[PlyCount "52"]
[EventDate "2017.01.11"]
[EventType "team-swiss (rapid)"]
[EventRounds "7"]
[EventCountry "USA"]
[SourceTitle "CBM 176 Extra"]
[Source "ChessBase"]
[SourceDate "2017.03.02"]
[SourceVersion "1"]
[SourceVersionDate "2017.03.02"]
[SourceQuality "1"]
[WhiteTeam "Minnesota Blizzard"]
[BlackTeam "Webster Windmills"]
[WhiteTeamCountry "UAE"]
[BlackTeamCountry "USA"]

1. e4 d6 2. d4 g6 3. Nc3 Bg7 4. f4 Nf6 5. Nf3 c5 6. dxc5 Qa5 7. Qd4 0-0 8. Bd2 Nc6 9. Qc4 Be6 10. Qb5 Qc7 11. cxd6 exd6 12. a3 a6 13. Qd3 b5 14. Qe3 Ng4 15. Qg1 b4 16. axb4 Nxb4 17. Rc1 Rfe8 18. h3 Nf6 19. Be2 Na2 20. Nxa2 Bxa2 21. e5 Ne4 22. Bd3 Ng3 23. Rh2 dxe5 24. fxe5 Bxe5 25. Nxe5 Qxe5+ 26. Kf2 Ne2 0-1

[Event "PRO League Pacific"]
[Site "Chess.com INT"]
[Date "2017.01.11"]
[Round "1"]
[White "Johnson, Frank B"]
[Black "Smail, Benedict"]
[Result "1-0"]
[WhiteElo "2191"]
[BlackElo "2120"]
[PlyCount "43"]
[EventDate "2017.01.11"]
[EventType "team-swiss (rapid)"]
[EventRounds "7"]
[EventCountry "USA"]
[SourceTitle "CBM 176 Extra"]
[Source "ChessBase"]
[SourceDate "2017.03.02"]
[SourceVersion "1"]
[SourceVersionDate "2017.03.02"]
[SourceQuality "1"]
[WhiteTeam "Minnesota Blizzard"]
[BlackTeam "Portland Rain"]
[WhiteTeamCountry "UAE"]
[BlackTeamCountry "USA"]

1. e4 e6 2. d4 d5 3. Nc3 Bb4 4. e5 c5 5. a3 Bxc3+ 6. bxc3 Qa5 7. Bd2 Qa4 8. h4 Ne7 9. h5 h6 10. Qg4 Kf8 11. Qd1 Nbc6 12. Nf3 b6 13. Rh4 cxd4 14. Rb1 Ba6 15. Nxd4 Bc4 16. Bxc4 dxc4 17. Qf3 Rc8 18. Nxe6+ Kg8 19. Rg4 fxe6 20. Qf6 g5 21. Bxg5 Nxe5 22. Bxh6+ 1-0

[Event "PRO League Pacific"]
[Site "Chess.com INT"]
[Date "2017.01.11"]
[Round "1"]
[White "Raptis, Nick"]
[Black "Johnson, Frank B"]
[Result "1/2-1/2"]
[WhiteElo "2262"]
[BlackElo "2191"]
[PlyCount "120"]
[EventDate "2017.01.11"]
[EventType "team-swiss (rapid)"]
[EventRounds "7"]
[EventCountry "USA"]
[SourceTitle "CBM 176 Extra"]
[Source "ChessBase"]
[SourceDate "2017.03.02"]
[SourceVersion "1"]
[SourceVersionDate "2017.03.02"]
[SourceQuality "1"]
[WhiteTeam "Portland Rain"]
[BlackTeam "Minnesota Blizzard"]
[WhiteTeamCountry "USA"]
[BlackTeamCountry "UAE"]

1. d4 Nf6 2. Nf3 g6 3. c4 Bg7 4. Nc3 0-0 5. e4 d6 6. Be2 e5 7. 0-0 Nc6 8. d5 Ne7 9. a4 a5 10. Ne1 Nd7 11. Nd3 f5 12. f3 fxe4 13. Nxe4 Nf5 14. Ndf2 b6 15. Bg5 Qe8 16. Bd3 Nf6 17. Nxf6+ Bxf6 18. Bd2 Bg7 19. Ne4 Bh6 20. Bxh6 Nxh6 21. Qd2 Kg7 22. b4 axb4 23. Qxb4 Ra5 24. Nd2 Bd7 25. Bc2 Nf5 26. Ne4 Ne3 27. Rf2 Nxc2 28. Rxc2 Bf5 29. Re2 Bxe4 30. Rxe4 Qd7 31. Re2 Rfa8 32. Rea2 Qf5 33. Qc3 Kg8 34. h3 Qf4 35. Qd3 Rc5 36. Rc2 b5 37. Rac1 bxa4 38. Ra1 Rca5 39. Ra3 Rb8 40. Re2 Rb1+ 41. Kf2 Rb4 42. Rc2 Rc5 43. Rac3 Qd4+ 44. Ke2 Qxd3+ 45. Kxd3 Kf7 46. Ra2 Kf6 47. g3 Kf5 48. Raa3 h5 49. h4 g5 50. hxg5 Kxg5 51. Ra2 h4 52. gxh4+ Kxh4 53. Rg2 Rb1 54. Ke4 Rb8 55. Rc1 Kh3 56. Rg7 Kh2 57. Rc2+ Kh3 58. Rc1 Kh2 59. Rc2+ Kh3 60. Rc1 Kh2 1/2-1/2

[Event "Titled Tuesday intern op 3rd Jan 10am"]
[Site "Chess.com INT"]
[Date "2017.01.03"]
[Round "5"]
[White "Johnson, Frank B"]
[Black "Manolache, Marius"]
[Result "0-1"]
[WhiteElo "2191"]
[BlackElo "2496"]
[PlyCount "56"]
[EventDate "2017.01.03"]
[EventType "swiss (blitz)"]
[EventRounds "9"]
[EventCountry "USA"]
[SourceTitle "EXT 2021"]
[Source "ChessBase"]
[SourceDate "2020.10.23"]
[SourceVersion "1"]
[SourceVersionDate "2020.10.23"]
[SourceQuality "1"]

1. e4 c5 2. Nf3 e6 3. d4 cxd4 4. Nxd4 a6 5. c4 Nf6 6. Nc3 Bb4 7. Qd3 Nc6 8. a3 Bd6 9. Nxc6 dxc6 10. f4 e5 11. f5 Bc5 12. Qg3 g6 13. Qxe5+ Qe7 14. Qxe7+ Bxe7 15. e5 Ng4 16. f6 Bc5 17. Ne4 Bf8 18. Bf4 Bf5 19. Nf2 0-0-0 20. Rd1 Bc5 21. Nxg4 Bxg4 22. Be2 Bf5 23. b4 Bd4 24. Bf3 Rhe8 25. Ke2 Bxe5 26. Rxd8+ Kxd8 27. Rd1+ Kc7 28. Ke3 Bd6+ 0-1

[Event "Titled Tuesday intern op 6th Dec 10am"]
[Site "Chess.com INT"]
[Date "2016.12.06"]
[Round "2"]
[White "Chkhaidze, Nikoloz"]
[Black "Johnson, Frank B"]
[Result "0-1"]
[WhiteElo "2370"]
[BlackElo "2191"]
[PlyCount "184"]
[EventDate "2016.12.06"]
[EventType "swiss (blitz)"]
[EventRounds "9"]
[EventCountry "USA"]
[SourceTitle "EXT 2021"]
[Source "ChessBase"]
[SourceDate "2020.10.23"]
[SourceVersion "1"]
[SourceVersionDate "2020.10.23"]
[SourceQuality "1"]

1. Nf3 Nf6 2. c4 g6 3. b3 Bg7 4. Bb2 0-0 5. e3 c5 6. Be2 Nc6 7. 0-0 a6 8. d4 Ne4 9. Nbd2 Nxd2 10. Qxd2 cxd4 11. Nxd4 Nxd4 12. Bxd4 d6 13. Bf3 Qc7 14. Bxg7 Kxg7 15. h4 h5 16. Rad1 Be6 17. Qd4+ Kh7 18. Qf4 Rac8 19. Bd5 Qd7 20. Bxe6 Qxe6 21. Rd5 b5 22. Rfd1 bxc4 23. bxc4 Rc7 24. R1d4 Rb8 25. Re4 Rxc4 26. Rxe6 Rxf4 27. Rxe7 Rb1+ 28. Kh2 Rxf2 29. Ra7 Rb5 30. Kg3 Rxd5 31. Kxf2 Rd2+ 32. Kf3 Rxa2 33. Rxf7+ Kh6 34. Rd7 Rd2 35. Ra7 Ra2 36. Rd7 Rd2 37. Ra7 Ra2 38. g3 a5 39. Rd7 Rd2 40. Ra7 Rd5 41. Ra6 Kg7 42. Ke4 Re5+ 43. Kf4 Rf5+ 44. Ke4 d5+ 45. Kd4 Rf3 46. Rxa5 Rxg3 47. Rxd5 Rg4+ 48. Ke5 Rxh4 49. Rd7+ Kh6 50. e4 Rh1 51. Ke6 Re1 52. e5 Kg5 53. Rd5 h4 54. Kf7 Rf1+ 55. Ke7 Re1 56. e6+ Kf4 57. Kf6 h3 58. e7 h2 59. Rd4+ Kg3 60. Rd3+ Kg2 61. Rd2+ Kg1 62. Rd1 Rxd1 63. e8Q Rf1+ 64. Kg7 h1Q 65. Qe3+ Kh2 66. Qh6+ Kg2 67. Qg5+ Kf2 68. Qd2+ Kf3 69. Qd5+ Kf4 70. Qd6+ Kg5 71. Qxg6+ Kf4 72. Qf6+ Kg3 73. Qg5+ Kh2 74. Qh4+ Kg1 75. Qd4+ Rf2 76. Qd1+ Kg2 77. Qd5+ Rf3 78. Qd2+ Kg3 79. Qg5+ Kh2 80. Qh5+ Kg1 81. Qc5+ Rf2 82. Qc1+ Kh2 83. Qh6+ Kg1 84. Qc1+ Rf1 85. Qe3+ Kg2 86. Qe4+ Kg3 87. Qe5+ Rf4 88. Qe3+ Qf3 89. Qe1+ Kh3 90. Qe6+ Qg4+ 91. Qg6 Qxg6+ 92. Kxg6 Kg4 0-1

[Event "Titled Tuesday intern op1 1st March"]
[Site "Chess.com INT"]
[Date "2016.03.01"]
[Round "2"]
[White "Leiva Rodriguez, Jeammarco Giuseppe"]
[Black "Johnson, Frank B"]
[Result "0-1"]
[WhiteElo "2390"]
[BlackElo "2191"]
[PlyCount "106"]
[EventDate "2016.03.01"]
[EventType "swiss (blitz)"]
[EventRounds "9"]
[EventCountry "USA"]
[SourceTitle "EXT 2021"]
[Source "ChessBase"]
[SourceDate "2020.10.23"]
[SourceVersion "1"]
[SourceVersionDate "2020.10.23"]
[SourceQuality "1"]

1. d4 Nf6 2. Nf3 g6 3. Bg5 Bg7 4. Nbd2 d5 5. e3 0-0 6. Be2 Nbd7 7. 0-0 c5 8. c3 Qb6 9. Qc2 Re8 10. a4 a6 11. a5 Qc6 12. Rfd1 e5 13. dxe5 Nxe5 14. Nxe5 Rxe5 15. Bf4 Re8 16. c4 Bf5 17. Qb3 d4 18. Bf3 Ne4 19. Nf1 Qd7 20. exd4 Bxd4 21. Be3 Rac8 22. Ng3 Nxg3 23. hxg3 Be4 24. Bxd4 cxd4 25. Bxe4 Rxe4 26. Re1 Qc6 27. Rxe4 Qxe4 28. Rd1 Rc5 29. f3 Qe5 30. Qd3 Qxg3 31. Qxd4 Re5 32. Qc3 h5 33. Rf1 h4 34. f4 Qxc3 35. bxc3 Rxa5 36. Rb1 Rc5 37. Rxb7 Rxc4 38. f5 g5 39. Rb6 Rxc3 40. Rxa6 Rc5 41. f6 Kh7 42. Kh2 Kg6 43. Rb6 Rf5 44. Rb8 Rxf6 45. Rb5 Rf5 46. Rb4 Kh5 47. Kh3 Ra5 48. Rb6 Ra3+ 49. Kh2 f5 50. Rb4 f4 51. Rb2 Kg4 52. Rb1 h3 53. Rg1 Ra2 0-1

[Event "Titled Tuesday intern op 1st March"]
[Site "Chess.com INT"]
[Date "2016.03.01"]
[Round "1"]
[White "Manolache, Marius"]
[Black "Johnson, Frank B"]
[Result "1-0"]
[WhiteElo "2475"]
[BlackElo "2210"]
[PlyCount "93"]
[EventDate "2016.03.01"]
[EventType "swiss (blitz)"]
[EventRounds "9"]
[EventCountry "USA"]
[SourceTitle "EXT 2021"]
[Source "ChessBase"]
[SourceDate "2020.10.23"]
[SourceVersion "1"]
[SourceVersionDate "2020.10.23"]
[SourceQuality "1"]

1. d4 Nf6 2. c4 g6 3. Nc3 Bg7 4. e4 0-0 5. Nf3 d6 6. Be2 e5 7. 0-0 Nc6 8. d5 Ne7 9. Nd2 Ne8 10. b4 a5 11. bxa5 Rxa5 12. a4 b6 13. Ba3 f5 14. Bb4 Ra8 15. Nb3 Kh8 16. Ba3 c5 17. dxc6 Nxc6 18. Qd2 Nd4 19. Rab1 fxe4 20. Nxd4 exd4 21. Nxe4 Rxa4 22. Bb2 Bb7 23. Bd3 d5 24. cxd5 Qxd5 25. Rfe1 Nd6 26. f3 Nf5 27. Qc2 Raa8 28. Qc7 Qc6 29. Qxc6 Bxc6 30. Ng5 Bd5 31. Be4 Bg8 32. Bxa8 Rxa8 33. Ne6 Bxe6 34. Rxe6 Rb8 35. Ba1 b5 36. g4 Ne3 37. Rd6 Nc2 38. Rc1 Nxa1 39. Rxa1 b4 40. Rb1 b3 41. Kf1 b2 42. Ke2 Rc8 43. Kd3 Rc3+ 44. Ke4 Re3+ 45. Kd5 Re5+ 46. Kc4 Re8 47. Rxb2 1-0

[Event "Titled Tuesday intern op1 1st March"]
[Site "Chess.com INT"]
[Date "2016.03.01"]
[Round "5"]
[White "Tereick, Benjamin"]
[Black "Johnson, Frank B"]
[Result "1-0"]
[WhiteElo "2431"]
[BlackElo "2191"]
[PlyCount "49"]
[EventDate "2016.03.01"]
[EventType "swiss (blitz)"]
[EventRounds "9"]
[EventCountry "USA"]
[SourceTitle "EXT 2021"]
[Source "ChessBase"]
[SourceDate "2020.10.23"]
[SourceVersion "1"]
[SourceVersionDate "2020.10.23"]
[SourceQuality "1"]

1. Nf3 Nf6 2. g3 g6 3. b3 Bg7 4. Bb2 0-0 5. Bg2 d5 6. c4 c6 7. 0-0 Nbd7 8. Qc2 Qb6 9. Nc3 Qa6 10. d3 Re8 11. a4 e5 12. cxd5 Nxd5 13. Ne4 Bf8 14. Ba3 f5 15. Nd6 Re6 16. Nxc8 Rxc8 17. Bxf8 Rxf8 18. b4 h6 19. b5 Qb6 20. Qc4 Qc5 21. bxc6 Rxc6 22. Nxe5 Nxe5 23. Qxd5+ Kg7 24. Qxc5 Rxc5 25. d4 1-0

[Event "Titled Tuesday intern op 1st Dec"]
[Site "Chess.com INT"]
[Date "2015.12.01"]
[Round "1"]
[White "Shaposhnikov, Evgeny"]
[Black "Johnson, Frank B"]
[Result "1-0"]
[WhiteElo "2539"]
[BlackElo "2191"]
[PlyCount "83"]
[EventDate "2015.12.01"]
[EventType "swiss (blitz)"]
[EventRounds "9"]
[EventCountry "USA"]
[SourceTitle "EXT 2021"]
[Source "ChessBase"]
[SourceDate "2020.10.23"]
[SourceVersion "1"]
[SourceVersionDate "2020.10.23"]
[SourceQuality "1"]

1. e4 c5 2. Nf3 Nc6 3. Bb5 e6 4. Bxc6 bxc6 5. b3 Ne7 6. Ba3 Ng6 7. d4 cxd4 8. Bxf8 Kxf8 9. Qxd4 Qa5+ 10. Nbd2 d5 11. b4 Qb6 12. 0-0 e5 13. Qxb6 axb6 14. c4 d4 15. a4 Ke7 16. Ne1 Be6 17. Nd3 f6 18. c5 bxc5 19. Nxc5 Rhb8 20. Rfb1 Nf4 21. Kf1 Bd7 22. Nc4 Ne6 23. Nd3 Bc8 24. Ke1 Ba6 25. Rc1 Bxc4 26. Rxc4 Kd7 27. g3 Ra6 28. Kd2 Rba8 29. a5 R6a7 30. f4 exf4 31. gxf4 Rc7 32. f5 Ng5 33. Rxd4+ Ke7 34. Ke3 Rb8 35. Nc5 Ra8 36. Rad1 Nf7 37. Rd7+ Rxd7 38. Rxd7+ Ke8 39. Rc7 Rb8 40. a6 Ne5 41. a7 Ra8 42. Rb7 1-0

[Event "Titled Tuesday intern op 3rd Nov"]
[Site "Chess.com INT"]
[Date "2015.11.03"]
[Round "3"]
[White "Johnson, Frank B"]
[Black "Guerrero Sierra, Juan Carlos"]
[Result "1-0"]
[WhiteElo "2191"]
[BlackElo "2285"]
[PlyCount "111"]
[EventDate "2015.11.03"]
[EventType "swiss (blitz)"]
[EventRounds "9"]
[EventCountry "USA"]
[SourceTitle "EXT 2021"]
[Source "ChessBase"]
[SourceDate "2020.10.23"]
[SourceVersion "1"]
[SourceVersionDate "2020.10.23"]
[SourceQuality "1"]

1. e4 c5 2. Nf3 d6 3. d4 cxd4 4. Nxd4 Nf6 5. Nc3 g6 6. Be3 Bg7 7. f3 0-0 8. Qd2 Nc6 9. Bc4 Bd7 10. h4 Rc8 11. Bb3 h5 12. 0-0-0 Ne5 13. Bg5 Rc5 14. Kb1 Re8 15. Rhe1 b5 16. f4 Nc4 17. Bxc4 bxc4 18. e5 Qb6 19. exf6 Rb8 20. Nb3 cxb3 21. axb3 exf6 22. Qxd6 Bg4 23. Ne4 fxg5 24. Qxc5 Qxc5 25. Nxc5 Bxd1 26. Rxd1 gxf4 27. Nd3 Rd8 28. Rf1 Bh6 29. Nxf4 Rd2 30. g3 Rh2 31. b4 Kg7 32. c4 Rd2 33. b5 Rd4 34. b3 Bxf4 35. gxf4 Kf6 36. c5 Rb4 37. Kb2 Rxb5 38. Rc1 Rb8 39. c6 Rc8 40. Rc5 Ke6 41. b4 Kd6 42. Ra5 Rc7 43. b5 Kc5 44. Kb3 Kb6 45. Kb4 Re7 46. Ra6+ Kc7 47. Rxa7+ Kd6 48. Rxe7 Kxe7 49. b6 Kd6 50. b7 Kc7 51. Kc5 f6 52. Kd5 g5 53. fxg5 fxg5 54. hxg5 h4 55. Ke4 h3 56. Kf3 1-0